[Event "ROU-chT Men Superliga 2018"]
[Site "Sovata"]
[Date "2018.11.29"]
[Round "6"]
[White "Ogleznev, Alexandr"]
[Black "Svetushkin, Dmitry"]
[Result "0-1"]
[WhiteElo "2333"]
[BlackElo "2605"]
[Annotator "RC"]
[PlyCount "128"]
[EventDate "2018.11.24"]
[EventType "team-tourn"]
[EventCountry "ROU"]
[SourceTitle "playchess.com"]
[Source "ChessBase"]
[SourceQuality "1"]
[TimeControl "40/5400+30:1800+30"]

1. e4 {[%emt 0:00:00]} e5 {[%emt 0:00:00]} 2. Nf3 {[%emt 0:00:00]} Nc6 {[%emt 0:00:00]} 3. Bb5 {[%emt 0:00:00]} a6 {[%emt 0:00:00]} 4. Ba4 {[%emt 0:00:04]} b5 {[%emt 0:00:00]} 5. Bb3 {[%emt 0:00:08]} g6 {[%emt 0:00:02]} 6. O-O {[%emt 0:03:17]} Bg7 {[%emt 0:00:23]} 7. c3 {[%emt 0:00:10]} Nge7 {[%emt 0:00:09]} 8. d4 {[%emt 0:00:34]} exd4 {[%emt 0:00:08]} 9. cxd4 {[%emt 0:00:14]} O-O {[%emt 0:00:08]} 10. d5 {[%emt 0:09:45]} Na5 {[%emt 0:00:30]} 11. Bd2 {[%emt 0:00:19]} c5 {[%emt 0:12:57]} 12. d6 {[%emt 0:41:50]} Nec6 {[%emt 0:01:11]} 13. Bc3 {[%emt 0:03:20]} Nxb3 {[%emt 0:01:17]} 14. axb3 {[%emt 0:04:18]} Bb7 {[%emt 0:03:23]} 15. Bxg7 {[%emt 0:03:57]} Kxg7 {[%emt 0:00:18]} 16. Nc3 {[%emt 0:12:02]} Nb4 {[%emt 0:06:27]} 17. Re1 {[%emt 0:02:30]} Re8 {[%emt 0:03:22]} 18. Qd2 {[%emt 0:00:40]} Qf6 {[%emt 0:03:56]} 19. Rad1 {[%emt 0:01:43]} h6 {[%emt 0:04:57]} 20. Re3 {[%emt 0:00:58]} Re6 {[%emt 0:01:33]} 21. Rde1 {[%emt 0:03:20]} Qf4 {[%emt 0:03:49]} 22. Rd1 {[%emt 0:02:51]} Rae8 {[%emt 0:03:12]} 23. Ne2 {[%emt 0:00:36]} Qf6 {[%emt 0:00:07]} 24. e5 {[%emt 0:00:34]} Qf5 {[%emt 0:03:10]} 25. Ng3 {[%emt 0:04:34]} Qc2 {[%emt 0:01:20]} 26. Qxc2 {[%emt 0:02:52]} Nxc2 {[%emt 0:00:26]} 27. Rc3 {[%emt 0:00:07]} Nd4 {[%emt 0:10:53]} 28. Nxd4 {[%emt 0:00:08]} cxd4 {[%emt 0:00:03]} 29. Rc7 {[%emt 0:01:24]} Bc6 {[%emt 0:00:11]} 30. f4 {[%emt 0:00:09]} f6 {[%emt 0:00:45]} 31. Ne2 {[%emt 0:01:46]} fxe5 {[%emt 0:00:29]} 32. fxe5 {[%emt 0:00:04]} Rxe5 {[%emt 0:00:54]} 33. Nxd4 {[%emt 0:00:06]} Rd5 {[%emt 0:00:48]} 34. Rc1 {[%emt 0:00:47]} Rxd4 {[%emt 0:03:16]} 35. R1xc6 {[%emt 0:00:04]} Re2 {[%emt 0:00:24]} 36. Rxd7+ {[%emt 0:01:25]} Kf6 {[%emt 0:00:11]} 37. h3 {[%emt 0:01:18]} Rdd2 {[%emt 0:00:34]} 38. Rh7 {[%emt 0:00:22]} Rxg2+ {[%emt 0:01:11]} 39. Kf1 {[%emt 0:00:08]} Rh2 {[%emt 0:04:19]} 40. d7+ {[%emt 0:00:00]} Kf5 {[%emt 0:00:00]} 41. Rf7+ {[%emt 0:08:41]} Kg5 {[%emt 0:04:48]} 42. Kg1 {[%emt 0:01:13]} Rxh3 {[%emt 0:01:47]} 43. Rff6 {[%emt 0:08:36]} Rxd7 {[%emt 0:01:29]} 44. Rxg6+ {[%emt 0:00:08]} Kf4 {[%emt 0:00:44]} 45. Rxa6 {[%emt 0:03:20]} Rxb3 {[%emt 0:01:14]} 46. Raf6+ {[%emt 0:03:40]} Ke4 {[%emt 0:01:53]} 47. Re6+ {[%emt 0:01:54]} Kd5 {[%emt 0:01:02]} 48. Re2 {[%emt 0:00:25]} Rh7 {[%emt 0:00:18]} 49. Rd2+ {[%emt 0:02:15]} Kc5 {[%emt 0:00:37]} 50. Rc2+ {[%emt 0:02:01]} Kb4 {[%emt 0:00:18]} 51. Rg4+ {[%emt 0:00:39]} Ka5 {[%emt 0:00:03]} 52. Rh4 {[%emt 0:01:40]} Re3 {[%emt 0:01:30]} 53. Kf2 {[%emt 0:00:14]} Re5 {[%emt 0:00:16]} 54. Rc6 {[%emt 0:02:42]} Rf7+ {[%emt 0:00:15]} 55. Kg3 {[%emt 0:00:20]} Rg5+ {[%emt 0:00:04]} 56. Kh3 {[%emt 0:00:32]} Rf3+ {[%emt 0:02:34]} 57. Kh2 {[%emt 0:00:04]} h5 {[%emt 0:02:48]} 58. Rc2 {[%emt 0:00:08]} Rd3 {[%emt 0:00:40]} 59. Re4 {[%emt 0:01:10]} Rgd5 {[%emt 0:01:37]} 60. Ree2 {[%emt 0:00:10]} Ka4 {[%emt 0:00:11]} 61. Kg2 {[%emt 0:00:36]} Kb3 {[%emt 0:00:27]} 62. Kf2 {[%emt 0:00:24]} h4 {[%emt 0:00:45]} 63. Kg2 {[%emt 0:00:22]} Rg3+ {[%emt 0:00:32]} 64. Kh2 {[%emt 0:00:09]} Rdd3 {[%emt 0:00:07]} 0-1

[Event "ROU-chT Men Superliga 2018"]
[Site "Sovata"]
[Date "2018.11.29"]
[Round "6"]
[White "Itkis, Boris"]
[Black "Petrisor, Adrian-Marian"]
[Result "1-0"]
[WhiteElo "2325"]
[BlackElo "2425"]
[Annotator "TA"]
[PlyCount "99"]
[EventDate "2018.11.24"]
[EventType "team-tourn"]
[EventCountry "ROU"]
[SourceTitle "playchess.com"]
[Source "ChessBase"]
[SourceQuality "1"]

{[%evp 19,99,23,29,29,31,19,43,49,137,24,52,50,76,67,71,45,79,69,83,79,86,53,61,47,57,47,208,221,216,232,229,219,240,243,363,178,206,93,83,0,167,160,207,0,0,0,69,55,39,48,29,32,17,42,330,295,382,347,360,367,411,409,399,405,390,351,369,331,575,524,538,533,1545,1421,29988,29989,29989,29988,29992,29993,29993,29994]} 1. d4 d5 2. c4 dxc4 3. Nf3 Nf6 4. e3 b5 {[%cal Bb7b5,Bb5b4][%mdl 32]} 5. a4 b4 6. Bxc4 {D25: Queen's Gambit Accepted: 4 e3: sidelines and 4...Bg4} e6 7. O-O Be7 8. Nbd2 Bb7 9. b3 O-O 10. Bb2 Nbd7 {LiveBook: 14 Games} 11. Qe2 c5 12. Rac1 cxd4 13. Bxd4 {[#]} Nd5 $146 {[#]} (13... a6 $14) 14. e4 (14. Bxd5 $1 $16 Bxd5 15. e4) 14... N5f6 15. Rfd1 a6 16. Bd3 Qb8 17. h3 Rd8 18. Qe3 e5 19. Bb2 Bc5 20. Qe1 Re8 21. Nc4 a5 22. Bb1 Bc6 $2 (22... Bf8 $14) 23. Ncxe5 $18 {[%mdl 64] Deflection} Nxe5 24. Rxc5 Nxf3+ 25. gxf3 Re6 26. Qe3 h6 (26... Qb7 $142 27. Qc1 Qb6) 27. Rf5 (27. e5 $142) 27... Nh7 {[%cal Bf6h7,Bh7g5,Bg5h3][%mdl 32]} 28. Qf4 (28. Kh1 $18 {is more deadly.}) 28... Qa7 29. Qe3 ({Better is} 29. h4 $16) 29... Qe7 $2 {[#]} (29... Qb8 $1 $11) 30. Kh2 $1 Rg6 31. Qf4 $2 $40 {[%mdl 128] Black needs to defend precisely.} ({White should play} 31. f4 $18) 31... Ng5 $1 $11 32. Qe3 Rd8 ({Black should try} 32... Nh7 $11) 33. Rxd8+ $14 Qxd8 34. Bd3 $1 Bd7 35. Rd5 Nxh3 {( -> ...Qh4)} 36. Be5 $1 Qe7 $2 {[%mdl 8192]} (36... Rg5 $1 $14) 37. Bg3 $18 Rg5 38. f4 Rxd5 39. exd5 Qf6 40. Qe5 Qxe5 41. fxe5 {[%mdl 4096] Endgame KBB-KBN} Ng5 {intending ...Nf3+.} 42. f4 {[%cal Bf2f4,Bf4f5][%mdl 32]} Nf3+ 43. Kg2 Bg4 $2 (43... Nd2 {might work better.} 44. Bc2 Bg4) 44. Bf2 Nd2 {Black wants to play ...Bf3+.} 45. Kg3 h5 46. f5 Nxb3 47. d6 {[%cal Bd5d6,Bd6d7][%mdl 32] White mates.} Kf8 48. Be3 g6 49. d7 Ke7 50. Bb5 {Accuracy: White = 66%, Black = 36%.} 1-0

[Event "ROU-chT Men Superliga 2018"]
[Site "Sovata"]
[Date "2018.11.29"]
[Round "6"]
[White "Nastase, Robert-Paul"]
[Black "Banzea, Alexandru-Bogdan"]
[Result "0-1"]
[WhiteElo "2296"]
[BlackElo "2313"]
[Annotator "RC"]
[PlyCount "80"]
[EventDate "2018.11.24"]
[EventType "team-tourn"]
[EventCountry "ROU"]
[SourceTitle "playchess.com"]
[Source "ChessBase"]
[SourceQuality "1"]
[TimeControl "40/5400+30:1800+30"]

1. e4 {[%emt 0:00:00]} c6 {[%emt 0:00:33]} 2. d4 {[%emt 0:00:00]} d5 {[%emt 0:00:21]} 3. e5 {[%emt 0:00:00]} Bf5 {[%emt 0:00:25]} 4. h4 {[%emt 0:00:00]} h5 {[%emt 0:00:43]} 5. Bd3 {[%emt 0:00:00]} Bxd3 {[%emt 0:00:29]} 6. Qxd3 {[%emt 0:00:00]} Qa5+ {[%emt 0:00:56]} 7. Nd2 {[%emt 0:00:00]} e6 {[%emt 0:00:25]} 8. Ngf3 {[%emt 0:00:01]} Qa6 {[%emt 0:00:17]} 9. c4 {[%emt 0:00:03]} Bb4 {[%emt 0:03:33]} 10. O-O {[%emt 0:00:36]} Ne7 {[%emt 0:00:26]} 11. b3 {[%emt 0:01:57]} c5 {[%emt 0:00:47]} 12. Bb2 {[%emt 0:05:43]} Nbc6 {[%emt 0:13:13]} 13. dxc5 {[%emt 0:18:12]} Bxc5 {[%emt 0:13:41]} 14. a3 {[%emt 0:01:37]} dxc4 {[%emt 0:10:10]} 15. Nxc4 {[%emt 0:08:26]} Rd8 {[%emt 0:03:10]} 16. Qe4 {[%emt 0:28:21]} Nf5 {[%emt 0:02:15]} 17. Rfd1 {[%emt 0:00:05]} O-O {[%emt 0:01:33]} 18. Qf4 {[%emt 0:02:00]} Qb5 {[%emt 0:07:31]} 19. Nfd2 {[%emt 0:24:07]} Ncd4 {[%emt 0:04:46]} 20. Kh1 {[%emt 0:00:46]} Nxb3 {[%emt 0:07:15]} 21. a4 {[%emt 0:00:50]} Qb4 {[%emt 0:01:48]} 22. Ba3 {[%emt 0:03:37]} Qc3 {[%emt 0:01:18]} 23. Ne4 {[%emt 0:04:25]} Rxd1+ {[%emt 0:03:11]} 24. Rxd1 {[%emt 0:00:02]} Qc2 {[%emt 0:00:15]} 25. Rg1 {[%emt 0:01:03]} Bxa3 {[%emt 0:01:49]} 26. Nxa3 {[%emt 0:00:27]} Qc6 {[%emt 0:01:15]} 27. g4 {[%emt 0:00:07]} hxg4 {[%emt 0:05:10]} 28. Rxg4 {[%emt 0:00:34]} Rd8 {[%emt 0:03:01]} 29. Kh2 {[%emt 0:00:07]} Kf8 {[%emt 0:00:50]} 30. Nb5 {[%emt 0:00:43]} Rd1 {[%emt 0:03:30]} 31. Nbc3 {[%emt 0:01:04]} Rd3 {[%emt 0:01:06]} 32. Ne2 {[%emt 0:00:20]} Qc2 {[%emt 0:01:02]} 33. N4g3 {[%emt 0:00:36]} Nbd4 {[%emt 0:02:29]} 34. Nxf5 {[%emt 0:00:31]} Nxf5 {[%emt 0:00:25]} 35. Qb4+ {[%emt 0:00:38]} Kg8 {[%emt 0:00:24]} 36. Re4 {[%emt 0:00:30]} Rd2 {[%emt 0:00:27]} 37. Rc4 {[%emt 0:00:13]} Qd3 {[%emt 0:01:12]} 38. Rc8+ {[%emt 0:00:12]} Kh7 {[%emt 0:00:01]} 39. Qf8 {[%emt 0:00:51]} Qxe2 {[%emt 0:00:16]} 40. Qh8+ {[%emt 0:00:00]} Kg6 {[%emt 0:00:00]} 0-1

[Event "ROU-chT Men Superliga 2018"]
[Site "Sovata"]
[Date "2018.11.29"]
[Round "6"]
[White "Vasiesiu, Victor"]
[Black "Gavrilescu, David"]
[Result "0-1"]
[WhiteElo "2270"]
[BlackElo "2481"]
[Annotator "TA"]
[PlyCount "50"]
[EventDate "2018.11.24"]
[EventType "team-tourn"]
[EventCountry "ROU"]
[SourceTitle "playchess.com"]
[Source "ChessBase"]
[SourceQuality "1"]

{[%evp 25,50,14,20,8,8,8,11,0,0,0,3,-164,-161,-148,-145,-417,-420,-420,-420,-420,-420,-420,-410,-457,-450,-1265,-1243]} 1. e4 e6 2. d4 d5 3. Nc3 Nf6 4. Bg5 dxe4 5. Nxe4 Nbd7 6. Nf3 h6 7. Nxf6+ Nxf6 8. Bxf6 Qxf6 9. Bb5+ c6 {C10: French with 3 Nc3: Unusual Black 3rd moves and 3...dxe4} 10. Bd3 Bd7 11. Qe2 O-O-O 12. O-O-O Bd6 13. Kb1 Kb8 {LiveBook: 15 Games} 14. Ne5 (14. Be4 e5 15. dxe5 Bxe5 16. Bxc6 Bxc6 17. Nxe5 Bxg2 {0-1 (26) Naiditsch,A (2657)-Nisipeanu,L (2668) Bled 2016 CBM 173 [CB]}) 14... c5 {[#]} 15. Nc4 $146 ({Predecessor:} 15. Nxd7+ Rxd7 16. Bb5 Rc7 17. dxc5 Bxc5 18. f3 a6 19. Ba4 Rd8 20. Rxd8+ Qxd8 21. c3 Qh4 22. Bc2 Qf2 {½-½ (22) Kindermann,S (2532)-Tratar,M (2478) Austria 2007}) 15... Be7 ({Avoid the trap} 15... Qxd4 $2 16. Be4 $18) 16. Be4 Bb5 17. d5 Rd7 18. Nb6 $2 (18. a4 $11 {and White has nothing to worry.} Bxc4 19. Qxc4) 18... Rd6 $36 {[%mdl 2048] Black is on the roll.} ({And not} 18... Bxe2 19. Nxd7+ Kc7 20. Nxf6 $11) ({Don't play} 18... axb6 19. Qxb5 Rhd8 20. c4 $11) 19. Nc4 {[#]} Rhd8 $1 20. Bd3 $2 {[%mdl 8192]} (20. a4 $17 Ba6 21. Bd3 Bxc4 22. Bxc4 exd5 23. Ba2) 20... Bxc4 $1 21. Bxc4 {and if dxe6 works, White does fine.} exd5 22. Bb5 a6 23. Ba4 b5 24. Bxb5 {If White can now play Ba4 this consolidates a bit.} axb5 25. Qxb5+ (25. Rhe1 $142 Re6 26. Qd3) 25... Rb6 {Precision: White = 30%, Black = 92%.} 0-1

[Event "ROU-chT Men Superliga 2018"]
[Site "Sovata"]
[Date "2018.11.29"]
[Round "6"]
[White "Szabo, Attila"]
[Black "Pop, Alexandru"]
[Result "1/2-1/2"]
[WhiteElo "2263"]
[BlackElo "2274"]
[Annotator "TA"]
[PlyCount "112"]
[EventDate "2018.11.24"]
[EventType "team-tourn"]
[EventCountry "ROU"]
[SourceTitle "playchess.com"]
[Source "ChessBase"]
[SourceQuality "1"]

{[%evp 12,112,-3,0,29,20,28,3,37,18,26,14,16,16,18,18,25,-10,0,-26,-6,-34,-10,-15,7,-26,12,-4,-4,-1,0,-10,2,0,8,6,2,-52,-52,-54,-56,-56,-54,-58,0,-54,-43,-57,-33,-50,-16,-16,-16,-18,-18,-33,-9,-29,-32,-21,-13,-8,-8,-24,-26,-66,-12,-66,-66,-67,-66,-66,-66,-77,-73,-62,-22,-33,-8,-8,-8,-8,-10,-36,-23,-23,-23,-23,-23,-50,-23,-59,-59,-59,-59,-59,-59,-59,-59,-59,-59,-59,-59]} 1. e4 e6 2. d4 d5 3. Nc3 Bb4 4. exd5 exd5 5. Nf3 Nf6 6. Bd3 O-O 7. O-O c6 {C01: French: Exchange Variation} 8. h3 Re8 9. Re1 Nbd7 $146 {[%cal Bb8d7,Bd7f8,Bf8e6][%mdl 32] The position is equal.} ({Predecessor:} 9... Be6 10. Bf4 Nbd7 11. a3 Ba5 12. Qd2 Rc8 13. Rad1 Nf8 14. Bg5 {½-½ (54) Jovanovic,Z (2516)-Pilaj,H (2345) Austria 2012}) 10. a3 Bd6 11. Bg5 Rxe1+ 12. Qxe1 Nf8 13. Qd2 Ne6 14. Be3 Qc7 15. Re1 Bd7 16. Nh4 g6 17. Nf3 Nh5 {[%cal Bf6h5,Bh5g7,Bg7f5][%mdl 32]} 18. Bf1 f6 19. Qd1 Nhg7 20. Na2 Nf5 21. Bc1 Kg7 22. c4 dxc4 23. Bxc4 Re8 24. Nc3 {[#]} (24. g4 $11 Nh6 25. Nc3 (25. Qd2 Nf4 $11)) 24... Nexd4 $1 $15 {[%mdl 512]} 25. Rxe8 {[%csl Gc4][%cal Re8g8]} (25. Nxd4 Rxe1+) 25... Nxf3+ 26. Qxf3 {[%csl Gc4][%cal Re8g8]} Bxe8 27. g4 $1 {[%cal Rg4f5]} Ne7 (27... Bh2+ $15 28. Kf1 Nd6) 28. Qe3 (28. Ne4 $11 Be5 29. Nxf6 Bxf6 {[#]} 30. Bh6+ $1 {[%mdl 512]} Kxh6 31. Qxf6 {[%mdl 64] Decoy}) 28... g5 29. Qxa7 Ng6 30. Be3 Ne5 31. Be2 Bg6 32. Qd4 Qe7 33. Kg2 Bb8 34. Qc5 Qxc5 35. Bxc5 Nd3 36. Bxd3 $1 Bxd3 $11 {[%mdl 4096] Endgame KBB-KBN} 37. f3 Be5 38. Bf2 Kf7 (38... f5 $15) 39. h4 (39. Bg3 $11) 39... gxh4 $15 40. Bxh4 Ke6 41. Bf2 f5 42. Be3 b5 43. Kf2 f4 {Hoping for ...Bxc3.} (43... Kf7 {seems wilder.} 44. Bg5 Kg6 45. Bd2 Bc2 46. Kg2 Bb3) 44. Bc5 Bxc3 (44... Kd7 {is more complex.} 45. Ke1 Bg6 46. Kf2 Ke6 47. Bb4 Bd4+) 45. bxc3 {KB-KB} Kd5 46. Be7 Kc4 47. Bb4 c5 48. Ba5 Kb3 49. Bb6 c4 50. Ba5 Kxa3 51. Bb4+ Kb3 {Black is slightly better.} 52. Ke1 Kc2 53. Ba5 Bg6 54. Bb4 Kd3 {...Ke3 is the strong threat.} 55. Kf2 Kd2 56. Ba5 Bf7 {Accuracy: White = 37%, Black = 47%.} 1/2-1/2

[Event "ROU-chT Men Superliga 2018"]
[Site "Sovata"]
[Date "2018.11.29"]
[Round "6"]
[White "Vasilescu, Lucian-Mihail"]
[Black "Grigore, George-Gabriel"]
[Result "0-1"]
[WhiteElo "2197"]
[BlackElo "2488"]
[Annotator "TA"]
[PlyCount "96"]
[EventDate "2018.11.24"]
[EventType "team-tourn"]
[EventCountry "ROU"]
[SourceTitle "playchess.com"]
[Source "ChessBase"]
[SourceQuality "1"]

{[%evp 20,96,15,15,20,0,15,0,28,10,34,-5,35,38,54,51,58,27,41,21,16,15,17,15,25,33,28,20,24,10,43,45,44,40,39,40,152,131,164,-47,0,0,0,0,200,-176,4248,1767,3025,0,0,-134,-128,-105,-124,-102,-103,-367,-354,-356,-352,-518,-284,-284,-279,-279,-277,-366,-358,-542,-714,-634,-471,-633,-707,-690,-690,-684,-539]} 1. g3 g6 2. Bg2 Bg7 3. c4 Nf6 4. Nc3 d6 5. e4 O-O 6. Nge2 e5 7. O-O a6 8. h3 c6 9. d3 b5 10. a3 Nbd7 {A24: English Opening vs King's Indian: Lines without ...Nc6} 11. Be3 {LiveBook: 5 Games} Rb8 12. b3 $146 ({Predecessor:} 12. Qc2 Bb7 13. Rfd1 d5 14. cxd5 cxd5 15. Nxd5 Nxd5 16. exd5 Nf6 17. Nc3 Nxd5 18. Nxd5 Bxd5 {½-½ (35) Tong,Y (2510)-Li,S (2552) China 2007}) 12... Bb7 {The position is equal.} 13. Rb1 Qe7 14. b4 Ba8 15. cxb5 cxb5 16. a4 Rfc8 17. axb5 axb5 18. Qb3 Bc6 19. Ra1 Nb6 20. Ra5 Na4 21. Rc1 {Threatens to win with Nxb5!} Be8 22. Qa3 Bf8 23. Bg5 {Hoping for Nd5.} Qe6 24. h4 h5 25. Bxf6 Qxf6 26. Bh3 Rc6 {Threatening ...Qf3.} 27. Nd5 Qf3 (27... Qd8 $14) 28. Re1 $1 $36 {[%mdl 2048] aiming for Bg2. Black is under strong pressure.} Kg7 (28... Rc2 $2 29. Bg2 $18) 29. Nef4 $2 (29. Qb3 $18) 29... Rc2 30. Rf1 {Strongly threatening Qa1.} exf4 {[#]} 31. Rxa4 $1 {[%mdl 512]} fxg3 $2 {[#]} (31... Kh6 $11 32. Bg2 Qg4) (31... bxa4 32. Qa1+) 32. Qa1+ $4 {[%mdl 8192]} (32. Bg2 $1 $18 {[%cal Rg2f3] is the narrow road to win.} Qxf2+ 33. Rxf2 gxf2+ 34. Kf1 bxa4 35. Qa1+ f6 36. Qxf6+ Kg8 37. e5) 32... f6 $4 {[%mdl 8192]} (32... Kh7 $19 33. Bg2 {[#]} Qxf2+ $1 {[%mdl 512]} 34. Rxf2 gxf2+ 35. Kf1 Bg7) 33. Ra7+ $18 Kh6 34. Qxf6 $2 ({Only move:} 34. Nxf6 $18 {[%csl Gf6][%cal Ra7h7]} gxf2+ 35. Kh2 Qf4+ {[%mdl 64] Double Attack} 36. Kg2) 34... gxf2+ $11 35. Kh2 (35. Rxf2 $11 Qg3+ 36. Kf1 (36. Bg2 Qxf2+ 37. Qxf2 Rxf2 $11) 36... Rc1+ 37. Ke2 Rc2+ 38. Kf1 (38. Ke1 Qg1+ 39. Bf1 Qxf2+ 40. Qxf2 Rxf2 $11) 38... Rc1+ 39. Ke2 Rc2+ 40. Kf1 (40. Ke1 Qg1+ 41. Bf1 Qxf2+ 42. Qxf2 Rxf2 $11)) 35... Qxf6 $17 36. Nxf6 {[%csl Gf6][%cal Ra7h7]} Bg7 37. Ng8+ Kh7 38. Ne7 $2 {[%mdl 8192]} (38. Nf6+ $17 Kh8 39. Nxe8 Rxe8 40. Rf7) 38... Bd4 $19 39. Ra6 Rb7 40. Nc8 (40. Nd5 {only move.} Bc6 41. Kg2) 40... Rc6 41. Rxc6 Bxc6 42. Kg2 d5 43. Rc1 Bd7 ({Stronger than} 43... dxe4 44. Rxc6 exd3 45. Kf1 $11) 44. exd5 (44. Bxd7 $142 Rxd7 45. e5) 44... Bxh3+ {Black is clearly winning.} 45. Kxh3 Be3 46. Rf1 Rd7 47. Kg2 Rxd5 48. Ra1 Rxd3 {Accuracy: White = 42%, Black = 36%.} 0-1

[Event "ROU-chT Men Superliga 2018"]
[Site "Sovata"]
[Date "2018.11.29"]
[Round "6"]
[White "Scripcaru, George-Daniel"]
[Black "Baratosi, Daniel"]
[Result "0-1"]
[WhiteElo "2176"]
[BlackElo "2373"]
[Annotator "TA"]
[PlyCount "76"]
[EventDate "2018.11.24"]
[EventType "team-tourn"]
[EventCountry "ROU"]
[SourceTitle "playchess.com"]
[Source "ChessBase"]
[SourceQuality "1"]

{[%evp 9,76,0,8,0,26,8,26,22,0,0,0,0,0,0,0,-6,0,-31,0,-10,-24,-52,-45,-61,-32,-32,-32,-33,-28,-26,-25,-35,-28,-36,-28,-26,-31,-31,-31,-38,-7,-33,28,-25,0,-19,-19,-9,-4,-50,-47,-60,-22,-19,0,-67,-74,-437,-415,-424,-385,-266,-211,-530,-473,-671,-650,-612,-604]} 1. d4 d6 2. e4 Nf6 3. Nc3 c6 4. Bg5 Nbd7 5. Qd2 h6 {LiveBook: 3 Games} 6. Bh4 {B07: Pirc Defence: Miscellaneous Systems} (6. Be3 Ng4 7. Bf4 e5 8. Bg3 Ngf6 9. Nf3 Nh5 10. Bc4 Be7 11. a4 Bg5 12. Nxg5 Qxg5 13. Ne2 Qxd2+ 14. Kxd2 {1-0 (46) Sokolov,A (2496)-Kachiani Gersinska,K (2338) Germany 2017}) 6... Qa5 7. Nf3 g5 8. Bg3 {White has an edge.} Nh5 9. Be2 Bg7 10. a3 $146 ({Predecessor:} 10. O-O Nf8 11. e5 Nxg3 12. hxg3 g4 13. Nh2 dxe5 14. dxe5 {1-0 (42) Ivanets,S (2208)-Baraev,A Ilichevsk 2007}) 10... Nxg3 11. hxg3 c5 12. d5 g4 13. Nh2 Bxc3 14. bxc3 Nf6 15. O-O Nxe4 16. Qe3 f5 17. c4 h5 18. Rfe1 Qd2 19. Qxd2 Nxd2 20. Bd3 {[#]} Ne4 $1 {[%mdl 512]} 21. Bxe4 fxe4 22. Rxe4 Bf5 23. Re2 $1 Kd7 24. Nf1 Raf8 25. a4 h4 ({Better is} 25... Rf6 $15) 26. a5 (26. Rb1 $142 b6 {[#]} 27. a5 $1 {[%mdl 512]}) 26... h3 27. Rb1 hxg2 28. Kxg2 Rb8 29. Rb3 Rh7 30. Rbe3 b5 31. axb6 $1 Rxb6 32. Rb3 (32. Ra3 $11) 32... Rb4 $15 33. Rxb4 $4 {[%mdl 8192]} (33. Nd2 $17 {is more resistant.}) 33... cxb4 $17 {KRB-KRN} 34. f3 gxf3+ 35. Kxf3 Rf7 36. Kg2 $2 (36. Ke3 {was the crucial defense.}) 36... a5 $19 {[%cal Ba7a5,Ba5a4][%mdl 32] Black is clearly winning.} 37. Ne3 (37. g4 $142 Bg6 38. c5) 37... Be4+ 38. Kg1 a4 {Accuracy: White = 34%, Black = 49%.} 0-1

[Event "ROU-chT Men Superliga 2018"]
[Site "Sovata"]
[Date "2018.11.29"]
[Round "6"]
[White "Popescu, Daniel-Vasilica"]
[Black "Nanu, Costica-Ciprian"]
[Result "0-1"]
[WhiteElo "2131"]
[BlackElo "2505"]
[Annotator "TA"]
[PlyCount "133"]
[EventDate "2018.11.24"]
[EventType "team-tourn"]
[EventCountry "ROU"]
[SourceTitle "playchess.com"]
[Source "ChessBase"]
[SourceQuality "1"]

{[%evp 17,133,44,59,43,46,44,57,64,70,54,79,50,72,77,97,58,96,86,134,41,56,25,81,26,38,40,37,20,29,34,56,7,8,13,27,0,0,0,0,0,0,0,-14,-57,-60,-161,-157,-165,-159,-141,-134,-187,-195,-221,-211,-288,-228,-227,-227,-216,-73,-73,-64,-65,-62,-80,-83,-179,-145,-136,-44,-53,-50,-66,-14,-15,0,0,0,0,0,0,0,0,0,0,0,0,0,0,0,0,0,0,0,0,0,0,0,0,0,0,0,0,0,0,0,0,0,0,0,-1,0,-8,0,-125,-139,-5057]} 1. e4 g6 2. d4 Bg7 3. Nf3 d6 4. Nc3 Nf6 5. Be2 O-O 6. O-O c6 7. h3 b5 8. e5 Ne8 9. Bf4 Nd7 {LiveBook: 17 Games} 10. Ne4 {[%cal Re5d6] B08: Pirc Defence: Classical System} (10. exd6 Nxd6 11. d5 b4 12. dxc6 bxc3 13. cxd7 Bxd7 14. bxc3 Bxc3 15. Rb1 Qa5 16. Bg5 Rfe8 17. Bxe7 Rxe7 18. Qxd6 Rxe2 19. Qxd7 {½-½ (47) Abasov,N (2505)-Krasenkow,M (2631) Warsaw 2009}) 10... Nb6 11. Qc1 Bf5 12. Ng3 {White is slightly better.} Be6 13. Bh6 f6 14. Bxg7 $146 ({Predecessor:} 14. h4 Nc7 15. Bd3 Bd5 16. h5 Bxf3 17. gxf3 Kf7 18. Kg2 Rg8 19. hxg6+ {½-½ (19) Pantev,V (2325)-Kostadinov,R (2275) Shumen 1995}) 14... Kxg7 15. Re1 Bd5 16. b3 dxe5 17. dxe5 Nd7 18. Qb2 (18. exf6+ $16 Nexf6 19. c4 bxc4 20. bxc4) 18... Qb6 $14 19. Rad1 fxe5 (19... Rd8 $11) 20. Qc1 (20. c4 $16 bxc4 21. Bxc4) 20... Nef6 21. c4 bxc4 22. bxc4 Bxf3 $1 23. Bxf3 Rad8 24. Qg5 Qc5 25. h4 Kh8 26. Ne4 Qxc4 27. h5 gxh5 28. Nxf6 exf6 29. Qxh5 Qe6 30. Rd4 f5 31. Rh4 (31. Qh3 $15) 31... Nf6 $19 {[%cal Bd7f6,Bf6g8,Bg8e7][%mdl 32]} 32. Qh6 e4 33. Bh5 Qe7 34. Bg6 (34. Qg5 $17) 34... Rd5 35. Qf4 {[#]} Qg7 $1 {[%cal Rg7g6]} 36. Bxf5 Ng8 37. Rh5 {[#]} Ne7 $1 {[%cal Re7f5]} 38. Rg5 Qf6 ({Stronger than} 38... Rdxf5 39. Rxg7 Rxf4 40. Rxe7 $11) (38... Qc3 $19 39. Rc1 Qf6) 39. g4 $17 Nxf5 40. gxf5 Rxf5 41. Rxf5 Qxf5 {[%mdl 4096] Endgame KQR-KQR} 42. Qh4 (42. Qxf5 $17 {was worth a try.} Rxf5 43. Rxe4) 42... Rg8+ 43. Kf1 Qg4 (43... Re8 $17 {aiming for ...h5.} 44. Qh6 Qb5+ 45. Re2 Qb1+ 46. Re1 Qd3+ 47. Re2 Qd1+ 48. Re1 Qd4) 44. Qf6+ Qg7 45. Qxg7+ Kxg7 (45... Rxg7 $15 46. Rxe4 Rc7) 46. Rxe4 $15 {KR-KR} Kf6 47. Rh4 Kg6 48. Rg4+ Kf7 49. Ra4 Rc8 50. Rxa7+ Kg6 51. Ra4 c5 52. Rc4 Kf5 53. Ke2 h5 54. a4 {[%cal Ba2a4,Ba4a5][%mdl 32]} Ke5 55. Rh4 Rh8 56. a5 Kd5 57. Kd3 Kc6 58. a6 Kb5 59. a7 {And now Rxh5! would win.} Ra8 60. Rxh5 {Hoping for Rh7.} Rxa7 61. f4 Kb4 62. Rh8 c4+ 63. Kc2 Ra2+ 64. Kc1 Rf2 {[#]} 65. f5 $1 {[%mdl 512]} Kb3 (65... Rxf5 66. Rh3) 66. Rb8+ (66. Rf8 $1 $11) 66... Kc3 $17 {[%cal Rf2f1]} 67. Rd8 $2 {[%mdl 8192] Accuracy: White = 48%, Black = 64%.} (67. Kb1 $17) 0-1